000 00241nam a2200097Ia 4500
005 20250424112821.0
008 250424s9999 xx 000 0 und d
300 _av, 138p.; ill.; 25cm
650 _aPhilology, Modern--Periodicals.
942 _cSR
999 _c37303
_d37303